000 00647nam a2200217Ia 4500
005 20260429112300.0
008 260429s9999||||xx |||||||||||||| ||und||
020 _a9783110579536
041 _aEnglish
082 _a530.15
_bSCH
100 _aSchmuck, Markus
245 0 _aComplex heterogeneous systems :
_bthermodynamics, information theory, composites, networks, and electrochemistry /
_cMarkus Schmuck
260 _aBerlin :
_bDe Gruyter,
_c2024.
300 _axviii, 284 p.; pbk
440 _aSTEM
650 _a Complex systems
650 _a Information theory
650 _a Networks
650 _aThermodynamics
942 _cTB
999 _c53299
_d53299